[Event "VEN-ch U18 Girls 3rd"]
[Site "San Antonio"]
[Date "2016.04.04"]
[Round "7.3"]
[White "Herrera, Alba"]
[Black "Luces Camargo, Rosselys Alejandra"]
[Result "0-1"]
[WhiteElo "1544"]
[BlackElo "1804"]
[PlyCount "92"]
[EventDate "2016.04.01"]
[EventType "swiss"]
[EventRounds "7"]
[EventCountry "VEN"]
[SourceTitle "EXT 2022"]
[Source "ChessBase"]
[SourceDate "2021.10.06"]
[SourceVersion "1"]
[SourceVersionDate "2021.10.06"]
[SourceQuality "1"]

1. e4 e5 2. Nf3 Nc6 3. Bc4 Bc5 4. c3 Nf6 5. d3 d6 6. Bb3 Qe7 7. h3 h6 8. Nbd2 Bd7 9. Nf1 0-0-0 10. Be3 Bxe3 11. Nxe3 Be6 12. Nf5 Bxf5 13. exf5 d5 14. 0-0 Nh7 15. Re1 Qf6 16. Ba4 e4 17. Bxc6 exf3 18. Ba4 fxg2 19. Qg4 h5 20. Qg3 Rhg8 21. Qe3 Kb8 22. Qc5 Qxf5 23. Re7 Qf4 24. Rae1 Ng5 25. Bd1 Nxh3+ 26. Kxg2 Ng5 27. R1e5 Ne6 28. Qe3 Qf6 29. R7xe6 fxe6 30. Rxe6 Qf7 31. Qe5 Rde8 32. Rxe8+ Rxe8 33. Qxh5 Qxh5 34. Bxh5 Re1 35. Bf7 c6 36. c4 d4 37. c5 b6 38. cxb6 axb6 39. a4 Kc7 40. b3 Kd6 41. Bc4 Kc5 42. Kf3 Kb4 43. Kg2 b5 44. axb5 cxb5 45. Bf7 Kc3 46. f3 Kxd3 0-1

[Event "VEN-ch U18 Girls 3rd"]
[Site "San Antonio"]
[Date "2016.04.03"]
[Round "5.4"]
[White "Herrera, Alba"]
[Black "Graterol Burgos, Greys Carolina"]
[Result "1-0"]
[WhiteElo "1544"]
[BlackElo "1554"]
[PlyCount "115"]
[EventDate "2016.04.01"]
[EventType "swiss"]
[EventRounds "7"]
[EventCountry "VEN"]
[SourceTitle "EXT 2022"]
[Source "ChessBase"]
[SourceDate "2021.10.06"]
[SourceVersion "1"]
[SourceVersionDate "2021.10.06"]
[SourceQuality "1"]

1. e4 c5 2. Nf3 Nc6 3. d4 cxd4 4. Nxd4 Qb6 5. Nxc6 bxc6 6. Nc3 e5 7. Bc4 Ba6 8. Bxa6 Qxa6 9. Qd3 Qxd3 10. cxd3 Nf6 11. f4 exf4 12. Bxf4 d5 13. exd5 cxd5 14. Be5 0-0-0 15. 0-0 Be7 16. Nb5 Kb7 17. Rac1 Rd7 18. Nd4 Bd6 19. Bxd6 Rxd6 20. Nf5 Rd7 21. Nxg7 Ng4 22. Rf4 Ne5 23. Rb4+ Ka8 24. Rc3 Rb8 25. Rxb8+ Kxb8 26. d4 Nc4 27. b3 Nd2 28. Nf5 Ne4 29. Rc2 Kb7 30. Kf1 Kb6 31. Ke2 Rd8 32. Kf3 f6 33. Ng3 Nxg3 34. Kxg3 Rg8+ 35. Kf3 h5 36. Rc5 Rg5 37. h3 h4 38. Rc2 Kb7 39. Kf4 Kb6 40. Rf2 Kc6 41. Ke3 Rg6 42. Ke2 Kd6 43. Kf1 Ke6 44. Rf4 Rh6 45. Kf2 Rh5 46. g3 hxg3+ 47. Kxg3 Rg5+ 48. Rg4 Kf5 49. Rxg5+ Kxg5 50. b4 Kf5 51. h4 Ke4 52. h5 f5 53. h6 Ke3 54. h7 f4+ 55. Kg4 f3 56. h8Q Ke2 57. Qe5+ Kf2 58. Qxd5 1-0

[Event "VEN-ch U18 Girls 3rd"]
[Site "San Antonio"]
[Date "2016.04.02"]
[Round "3.5"]
[White "Romero Hernandez, Aynel Natasha"]
[Black "Herrera, Alba"]
[Result "0-1"]
[WhiteElo "1526"]
[BlackElo "1544"]
[PlyCount "76"]
[EventDate "2016.04.01"]
[EventType "swiss"]
[EventRounds "7"]
[EventCountry "VEN"]
[SourceTitle "EXT 2022"]
[Source "ChessBase"]
[SourceDate "2021.10.06"]
[SourceVersion "1"]
[SourceVersionDate "2021.10.06"]
[SourceQuality "1"]

1. d4 d5 2. c4 Bf5 3. Nf3 Nf6 4. Nc3 e6 5. e3 Nbd7 6. Be2 Be7 7. 0-0 0-0 8. Ne5 dxc4 9. Bxc4 Nb6 10. Bb3 c5 11. g4 Bg6 12. dxc5 Bxc5 13. h4 Nfd5 14. h5 Nxc3 15. bxc3 Be4 16. Qe2 Bd6 17. Nf3 Qf6 18. Nd4 Qh4 19. f3 Bd3 20. Qg2 Bxf1 21. Kxf1 Qg3 22. Qe2 Be5 23. Ba3 Rfd8 24. Rd1 Nd5 25. Bxd5 Rxd5 26. f4 Bxd4 27. cxd4 g5 28. fxg5 Rxg5 29. Qg2 Qxg2+ 30. Kxg2 Rxg4+ 31. Kh3 Rg5 32. Kh4 Rg2 33. Be7 f5 34. a3 Kf7 35. Bd6 Rag8 36. Kh3 R2g5 37. Kh4 Rg4+ 38. Kh3 R8g5 0-1